<?xml version="1.0" encoding="UTF-8"?>
<record
    xmlns:xsi="http://www.w3.org/2001/XMLSchema-instance"
    xsi:schemaLocation="http://www.loc.gov/MARC21/slim http://www.loc.gov/standards/marcxml/schema/MARC21slim.xsd"
    xmlns="http://www.loc.gov/MARC21/slim">

  <leader>01328cam a22003011  4500</leader>
  <controlfield tag="001">e  42000222 </controlfield>
  <controlfield tag="003">DLC</controlfield>
  <controlfield tag="005">20260227111231.0</controlfield>
  <controlfield tag="008">770526s1941    aluf     b   s000 0 eng  </controlfield>
  <datafield tag="010" ind1=" " ind2=" ">
    <subfield code="a">e  42000222 </subfield>
  </datafield>
  <datafield tag="035" ind1=" " ind2=" ">
    <subfield code="a">(OCoLC)2995543</subfield>
  </datafield>
  <datafield tag="040" ind1=" " ind2=" ">
    <subfield code="a">DLC</subfield>
    <subfield code="c">ABAU</subfield>
    <subfield code="d">ABAU</subfield>
    <subfield code="d">OCoLC</subfield>
    <subfield code="d">DLC</subfield>
  </datafield>
  <datafield tag="050" ind1="0" ind2="0">
    <subfield code="a">L116</subfield>
    <subfield code="b">.B2 1941, no. 5</subfield>
  </datafield>
  <datafield tag="082" ind1=" " ind2=" ">
    <subfield code="a">372.9761</subfield>
    <subfield code="a">375.009761</subfield>
  </datafield>
  <datafield tag="110" ind1="1" ind2=" ">
    <subfield code="a">Alabama.</subfield>
    <subfield code="b">Department of Education.</subfield>
  </datafield>
  <datafield tag="245" ind1="1" ind2="0">
    <subfield code="a">Course of study and teacher's guide for the elementary schools, grades one to six.</subfield>
    <subfield code="b">Alabama curriculum development program.</subfield>
    <subfield code="c">Authorized by the State board of education.</subfield>
  </datafield>
  <datafield tag="260" ind1=" " ind2=" ">
    <subfield code="a">[Wetumpka,</subfield>
    <subfield code="b">Wetumpka printing co., printers and publishers,</subfield>
    <subfield code="c">1941]</subfield>
  </datafield>
  <datafield tag="300" ind1=" " ind2=" ">
    <subfield code="a">1 p. l., v-xii, 484 p.</subfield>
    <subfield code="b">plates.</subfield>
    <subfield code="c">23 cm.</subfield>
  </datafield>
  <datafield tag="490" ind1="1" ind2=" ">
    <subfield code="a">Its Curriculum bulletin</subfield>
    <subfield code="v">no. 8</subfield>
  </datafield>
  <datafield tag="490" ind1="1" ind2=" ">
    <subfield code="a">Its Department bulletin 1941,</subfield>
    <subfield code="v">no. 5</subfield>
  </datafield>
  <datafield tag="500" ind1=" " ind2=" ">
    <subfield code="a">At head of title: State of Alabama. Dept. of education. Division of instruction, Montgomery.</subfield>
  </datafield>
  <datafield tag="504" ind1=" " ind2=" ">
    <subfield code="a">"Selective bibliography": p. 478-484.</subfield>
  </datafield>
  <datafield tag="650" ind1=" " ind2="0">
    <subfield code="a">Education, Elementary</subfield>
    <subfield code="x">Curricula</subfield>
    <subfield code="z">Alabama.</subfield>
  </datafield>
  <datafield tag="710" ind1="1" ind2=" ">
    <subfield code="a">Alabama.</subfield>
    <subfield code="b">State Board of Education.</subfield>
  </datafield>
  <datafield tag="740" ind1="0" ind2=" ">
    <subfield code="a">Alabama curriculum development program.</subfield>
  </datafield>
  <datafield tag="810" ind1="1" ind2=" ">
    <subfield code="a">Alabama.</subfield>
    <subfield code="b">Department of Education.</subfield>
    <subfield code="t">Curriculum bulletin</subfield>
    <subfield code="v">no. 8.</subfield>
  </datafield>
  <datafield tag="810" ind1="1" ind2=" ">
    <subfield code="a">Alabama.</subfield>
    <subfield code="b">Department of Education.</subfield>
    <subfield code="t">Department bulletin 1941,</subfield>
    <subfield code="v">no. 5.</subfield>
  </datafield>
  <datafield tag="999" ind1=" " ind2=" ">
    <subfield code="c">21876</subfield>
    <subfield code="d">21876</subfield>
  </datafield>
</record>
